| 000 | 00614nam a2200169 i 4500 | ||
|---|---|---|---|
| 001 | 42526 | ||
| 003 | ES-MaACL | ||
| 007 | t| | ||
| 008 | 030404s1883 fr ||||1| fre d | ||
| 100 | 1 |
_aBarrois, Charles. _926037 |
|
| 245 | 1 | 0 |
_aNote sur les recherches du Dr. J. Lehmann dans la région granulitique de la Saxe / _cpar Ch. Barrois. |
| 260 |
_aLille : _b[s.n., _c1883] |
||
| 300 |
_ap. [173]-188 ; _c21 cm. |
||
| 500 | _aExtrait des Annales de la Société Géologique du Nord. T.X, p. 179, séance du 20 juin 1883. | ||
| 500 | _aEjemplar sin port., datos tomados de la p. 173. | ||
| 852 |
_aES-MaACL _jT-910-F-2 |
||
| 999 |
_c42526 _d42526 |
||